عرض عادي
عرض مارك
- Dewey, John,
دخول Personal Name
001 - CONTROL NUMBER
- control field: 21396
003 - CONTROL NUMBER IDENTIFIER
- control field: AE-AdECS
005 - DATE AND TIME OF LATEST TRANSACTION
- control field: 20251008142429.0
008 - FIXED-LENGTH DATA ELEMENTS
- fixed length control field: 251008|| aca||aabn | a|a d
040 ## - CATALOGING SOURCE
- Original cataloging agency: AE-AdECS
- Transcribing agency: AE-AdECS
100 ## - HEADING--PERSONAL NAME
- Personal name: Dewey, John,
- Dates associated with a name: 1859-1952
- General subdivision: Political and social views
670 ## - SOURCE DATA FOUND
- Source citation: Work cat.: (AE-AdECS)292517: Dunn, Robert G., author. 21395, Toward a pragmatist sociology :
